000 00246nam a22001217a 4500
008 181008b xxu||||| |||| 00| 0 eng d
041 _aeng
080 _a910
100 _a42
101 _ageo
245 _aGeology
_cMagills,c
942 _2udc
_cBK
999 _c49023
_d49023